000 00607nam a22002057a 4500
999 _c19237
_d19237
003 AR-CdUCM
008 190516b ||||| |||| 00| 0 spa d
040 _aMUNICIPALIDAD PROVINCIAL DEL CUSCO
_cBIBLIOTECA MUNICIPAL DEL CUSCO
082 _a891.03 /
_bD77
100 _aDovzhenko, Alexandr
_940456
245 _aEl desná encantado /
260 _aBuenos Aires :
_bCultura,
_c1959.
300 _a190 páginas ;
_c21 cm.
440 _aColección novelas
_n6
_940457
505 _aContenido: Novela
650 _aLiteratura
_983
650 _aNovela
_95
942 _2ddc
_cLIBROS
945 _arah
_d2016-05-16